000 00732nam a22001577a 4500
003 OSt
005 20151202152431.0
008 151202b xxu||||| |||| 00| 0 eng d
040 _cRUA
082 _aFIS NGU 2003 B175 Or.1
100 _94158
_aNGUON POR SUONG;​ងួន ប៉ោសួង
245 _aStudy on trawal for boat, stung sen, using engine province, ការសិក្សាលើឧបករណ៍អួនអូសចំពោះទូកឈ្មោះស្ទឹងសែន ដែនប្រើកំលំាងម៉ាស៊ីន១៥០សេះ ម៉ាក HINO នៅខេត្តកោះកុង.
260 _aPhnom Penh
_bRUA
_c2003
300 _avii; 54p.
_bill.
_c29cm.
942 _2ddc
_cFIS
999 _c3872
_d3872